| 000 | 01098nam a22002177a 4500 | ||
|---|---|---|---|
| 999 |
_c58214 _d58214 |
||
| 003 | Ge_BSU | ||
| 005 | 20210916120103.0 | ||
| 008 | 210916s2019 ge ||||| |||| 00| 0 geo d | ||
| 020 | _a9789941814136 | ||
| 041 | _ageo | ||
| 080 | _a616.24-073(075.8) ლ-77 | ||
| 100 |
_aლობჟანიძე, თამაზ _912491 |
||
| 245 |
_aრესპირაციული მედიცინის რჩეული საკითხები : _b [სახელმძღვანელო] / _cთამაზ ლობჟანიძე, ივანე ჩხაიძე. |
||
| 264 |
_aთბილისი, _c2019. |
||
| 300 |
_a720 გვ. : _bსურ., ცხრ. ; _c27 სმ |
||
| 504 | _a ბიბლიოგრაფია სტატიების ბოლოს. | ||
| 653 | _aფილტვების დაავადებები და მათი დიაგნოსტიკა | ||
| 653 | _aსახელმძღვანელოები | ||
| 700 |
_aჩხაიძე, ივანე _eავტორი _912492 |
||
| 942 |
_2udc _cBK |
||